| 000 | 01089aam a2200421 4500 | ||
|---|---|---|---|
| 005 | 20241128172456.0 | ||
| 008 | 150626b2012 sp ||||| |||| 00| 0 spa d | ||
| 020 | _a9788480868723 | ||
| 041 | _aESP | ||
| 082 | _a611 S677ao23 | ||
| 100 | _aSobotta, Johannes | ||
| 100 |
_aPaulse, Friedrich _926757 |
||
| 100 | _aWaschke, Jens | ||
| 245 | _aSobotta: Atlas de anatomía humana; órganos internos | ||
| 250 | _a23 edición | ||
| 260 | _aCosta Rica | ||
| 260 | _bElsevier | ||
| 260 | _c2012 | ||
| 300 | _a264 páginas | ||
| 300 | _bIlustraciones a color | ||
| 500 | _aCon 363 figuras a color y 441 imágenes | ||
| 650 | _aANATOMÍA HUMANA | ||
| 650 | _aÓRGANOS INTERNOS | ||
| 650 | _aCAJA TORÁXICA | ||
| 650 | _aCORAZÓN | ||
| 650 | _aARTERIAS CORONARIAS | ||
| 650 | _aTRAQUEA | ||
| 650 | _aBRONQUIOS | ||
| 650 | _aESTÓMAGO | ||
| 650 | _aINTESTINO DELGADO | ||
| 650 | _aINTESTINO GRUESO | ||
| 650 | _aVESICULA BILIAR | ||
| 650 | _aPANCREAS | ||
| 650 | _aGLÁNDULA SUPRARRENAL | ||
| 650 | _aÓRGANOS GENITALES | ||
| 942 |
_cBK _2ddc |
||
| 999 |
_c3143 _d3143 |
||